Practical PowerPivot & DAX formulas for Excel 2010
"Develop effective business intelligence (BI) solutions and drive faster, better decision making across your enterprise with help from a veteran database consultant and trainer. Through clear explanations, screenshots, and examples, Practical PowerPivot & DAX Formulas for Excelʼ 2010 shows...
Đã lưu trong:
| Tác giả chính: | |
|---|---|
| Định dạng: | Sách |
| Ngôn ngữ: | English |
| Được phát hành: |
New York
McGraw-Hill
2011
|
| Những chủ đề: | |
| Các nhãn: |
Thêm thẻ
Không có thẻ, Là người đầu tiên thẻ bản ghi này!
|
| Thư viện lưu trữ: | Mạng thư viện Đại học Đà Nẵng |
|---|
| LEADER | 01710nam a2200361 4500 | ||
|---|---|---|---|
| 001 | 000021021 | ||
| 003 | 17468 | ||
| 005 | 20150402090440.0 | ||
| 008 | 150402s2011 engsd | ||
| 020 | |a 9780071746854 (pbk.) | ||
| 041 | 0 | |a eng | |
| 082 | 0 | 0 | |a 005.54|222 |b TE-A |
| 100 | 1 | |a Tennick, Art. | |
| 245 | 1 | 0 | |a Practical PowerPivot & DAX formulas for Excel 2010 |c Art Tennick |
| 260 | |a New York |b McGraw-Hill |c 2011 | ||
| 300 | |a xxvi, 438 p. |b ill. |c 23 cm. | ||
| 500 | |a Includes index. | ||
| 520 | 3 | |a "Develop effective business intelligence (BI) solutions and drive faster, better decision making across your enterprise with help from a veteran database consultant and trainer. Through clear explanations, screenshots, and examples, Practical PowerPivot & DAX Formulas for Excelʼ 2010 shows you how to extract actionable insights from vast amounts of corporate data. More than 250 downloadable DAX formulas plus valuable appendices covering SQL, MDX, and DMX query design are included in this hands-on guide"-- |c Provided by publisher. | |
| 650 | 0 | 4 | |a Business intelligence |x Computer programs |
| 650 | 0 | 4 | |a Business |x Computer programs |
| 653 | |a Computers | ||
| 653 | |a Tin học | ||
| 653 | |a Microsoft Excel (Computer file) | ||
| OWN | |a LSP | ||
| AVA | |a UDN50 |b LSP |d 005.54|222 TE-A |e available |t Error 5001 Not defined in file expand_doc_bib_avail. |f 1 |g 0 |h N |i 0 |k 1 | ||
| 999 | |a From the UDN01 | ||
| AVA | |a UDN50 |b LSP |d 005.54|222 TE-A |e available |t Error 5001 Not defined in file expand_doc_bib_avail. |f 1 |g 0 |h N |i 0 |k 1 | ||
| TYP | |a Monograph | ||
| TYP | |a Printed language | ||
| 980 | |a Mạng thư viện Đại học Đà Nẵng | ||


